• 首页
  • 本馆介绍
  • 公告通知
  • 最新文献
  • 馆藏检索
  • 电子资源
  • 读者导购
  • 参考咨询
  • 我的图书馆
  • 登录
  • 详细信息显示
  • 放入我的书架
  • 预约/预借图书
  • 作者相关作品
  • 分类相关作品
  • 丛书相关作品
  • 出版社相关作品

书目信息

  • 表格格式
  • 工作单格式
  • 卡片格式
题名:
化学专业教学大纲
    
 
作者: ;国家教育委员会师范教育司 编
分册:  
出版信息: 长春   东北师范大学出版社  1989
页数: 181页
开本: 19cm
丛书名:
单 册:
中图分类: G642.3
科图分类:
主题词: 教育--各级
电子资源:
ISBN: 7-5602-0262-4
000 00800nam0 2200241 45
001 0184009725
005 20070619165128.35
010    @a7-5602-0262-4@dCNY2.10
100    @a19950422d1989 em y0chiy0121 ea
101 0  @achi
102    @aCN@b110000
102    @aCN@b220000
105    @ay z 000yy
200 10 @a化学专业教学大纲@AHua Xue Zhuan Ye Jiao Xue Da Gang@f国家教育委员会师范教育司编@Fguo jia jiao yu wei yuan hui shi fan jiao yu si bian
210    @a长春@c东北师范大学出版社@d1989
215    @a181页@d19cm
300    @a二年制师范专科学校
606 0  @a教育@x各级
690    @aG642.3@v3
711 02 @a国家教育委员会师范教育司@Aguo jia jiao yu wei yuan hui shi fan jiao yu si@4编
801  2 @aCN@bNLC@c20070619
801  0 @aCN@b上海图书馆@c20060820
905    @dG642.3@e332@f2@b207180-181
    
    化学专业教学大纲/国家教育委员会师范教育司编.-长春:东北师范大学出版社,1989
    181页;19cm
    二年制师范专科学校
    
    ISBN 7-5602-0262-4:CNY2.10
    
●
相关链接 在E读中查询图书 在五车中查询图书 在当当中查询图书 在豆瓣中查询图书


正题名:化学专业教学大纲     索取号:G642.3/332         预约/预借

序号 登录号 条形码 馆藏地/架位号 状态 备注
1 0654906   206549065   第一样本阅览室/ [索取号:G642.3/332] 在馆    
唐山师范学院图书馆 欢迎您!
大连网信软件有限公司© 版权所有